Genetics : a molecular approach. -- 2nd ed. (Record no. 31514)

MARC details
000 -LEADER
fixed length control field 00643nam a2200181 a 4500
008 - FIXED-LENGTH DATA ELEMENTS--GENERAL INFORMATION
fixed length control field 111117s1992 ||||||||||||||||| || u
020 ## - INTERNATIONAL STANDARD BOOK NUMBER
International Standard Book Number 0412447304
050 ## - LIBRARY OF CONGRESS CALL NUMBER
Classification number QH 430 Bro
100 ## - MAIN ENTRY--PERSONAL NAME
Personal name Brown, T. A. (Terence A.)
245 10 - TITLE STATEMENT
Title Genetics : a molecular approach. -- 2nd ed.
250 ## - EDITION STATEMENT
Edition statement 2nd ed.
260 ## - PUBLICATION, DISTRIBUTION, ETC.
Place of publication, distribution, etc. London
Name of publisher, distributor, etc. Chapman & Hall
Date of publication, distribution, etc. 1992
300 ## - PHYSICAL DESCRIPTION
Extent xiii, 467p.: ill.
350 ## -
-- 0.00
650 #0 - SUBJECT ADDED ENTRY--TOPICAL TERM
Topical term or geographic name entry element GENETICS
650 ## - SUBJECT ADDED ENTRY--TOPICAL TERM
Topical term or geographic name entry element MOLECULAR GENETICS
995 ## -
-- MEDICAL LIBRARY OPEN ACCESS
-- 0.00
-- 900104
-- CBU-SCHOOL OF MEDICINE LIBRARY (Ndola)
-- 1
-- 0.00
-- QH 430 BRO
-- 1
-- AVAILABLE
-- Nov 17, 2011
-- 900104
-- Medical Library Open Access Collection
999 ## -
-- 31514
-- 31514
Holdings
Withdrawn status Lost status Source of classification or shelving scheme Damaged status Not for loan Permanent Location Current Location Shelving location Date acquired Total Checkouts Full call number Barcode Date last seen Price effective from Koha item type
          CBU-SCHOOL OF MEDICINE LIBRARY, NDOLA. CBU-SCHOOL OF MEDICINE LIBRARY, NDOLA.   11/30/2022   QH 430 Bro 900104 11/30/2022 11/30/2022 MONOGRAPH